• 首页
  • 本馆介绍
  • 公告通知
  • 最新文献
  • 馆藏检索
  • 电子资源
  • 读者导购
  • 参考咨询
  • 我的图书馆
  • 登录
  • 详细信息显示
  • 放入我的书架
  • 预约/预借图书
  • 作者相关作品
  • 分类相关作品
  • 丛书相关作品
  • 出版社相关作品

书目信息

  • 表格格式
  • 工作单格式
  • 卡片格式
题名:
食品包装技术
    
 
作者: 科尔斯 , 麦克道尔 , 科万 著 ;蔡和平 译
分册:  
出版信息: 北京   中国轻工业出版社  2012.1
页数: 233页
开本: 26cm
丛书名: 国外现代食品科技系列
单 册:
中图分类: TS206
科图分类:
主题词: 食品包装
电子资源:
ISBN: 978-7-5019-8151-9
000 01115oam2 2200289 45
001 1354539171
005 20130510084908.76
010    @a978-7-5019-8151-9@dCNY36.00
100    @a20130108d2012 em y0chiy50 ea
101 1  @achi@ceng
102    @aCN@b110000
105    @aak z 000yy
106    @ar
200 1  @a食品包装技术@AShi Pin Bao Zhuang Ji Shu@f(英)Richard Coles,(英)Derek McDowell,(英)Mark J. Kirwan著@F( Ying )Richard Coles,( Ying )Derek McDowell,( Ying )Mark J. Kirwan Zhu@g蔡和平等译
210    @a北京@c中国轻工业出版社@d2012.1
215    @a233页@c图@d26cm
225 2  @a国外现代食品科技系列
330    @a本书主要内容包括:概论;食品生物变质和保藏方法;包装产品的质量和货架寿命;食品营销系统的运输包装等。
461  0 @12001 @a国外现代食品科技系列
606 0  @a食品包装
690    @aTS206@v5
701  0 @c(英)@a科尔斯@AKe Er Si@c(Coles, Richard)@4著
701  0 @c(英)@a麦克道尔@AMai Ke Dao Er@c(McDowell, Derek)@4著
701  0 @c(英)@a科万@AKe Wan@c(Kirwan, Mark J.)@4著
702  0 @a蔡和平@ACai He Ping@4译
801    @aCN@bTANGWEI@c20130109
905    @b0830734-36@dTS206@e143@f3
    
    食品包装技术/(英)Richard Coles,(英)Derek McDowell,(英)Mark J. Kirwan著/蔡和平等译.-北京:中国轻工业出版社,2012.1
    233页:图;26cm.-(国外现代食品科技系列)
    
    
    ISBN 978-7-5019-8151-9:CNY36.00
    本书主要内容包括:概论;食品生物变质和保藏方法;包装产品的质量和货架寿命;食品营销系统的运输包装等。
●
相关链接 在E读中查询图书 在五车中查询图书 在当当中查询图书 在豆瓣中查询图书


正题名:食品包装技术     索取号:TS206/143         预约/预借

序号 登录号 条形码 馆藏地/架位号 状态 备注
1 0830734   208307349   第二样本阅览室/ [索取号:TS206/143] 在馆    
2 0830735   208307358   第三借阅区/ [索取号:TS206/143] 在馆    
3 0830736   208307367   第三借阅区/ [索取号:TS206/143] 在馆    
唐山师范学院图书馆 欢迎您!
大连网信软件有限公司© 版权所有